Catálogo
 En Linea

Manual de derecho de la energìa : (Registro nro. 49403)

Detalles MARC
000 -CABECERA
campo de control de longitud fija 01808nam a22002777a 4500
003 - IDENTIFICADOR DEL NÚMERO DE CONTROL
campo de control OSt
005 - FECHA Y HORA DE LA ÚLTIMA TRANSACCIÓN
campo de control 20210225130430.0
008 - DATOS DE LONGITUD FIJA--INFORMACIÓN GENERAL
campo de control de longitud fija 20208b ||||| |||| 00| 0 spa d
020 ## - NÚMERO INTERNACIONAL ESTÁNDAR DEL LIBRO
Número Internacional Estándar del Libro 9789945094343
040 ## - FUENTE DE LA CATALOGACIÓN
Centro catalogador/agencia de origen DO-SdBNP
Lengua de catalogación spa
Centro/agencia transcriptor BNPHU
082 #4 - NÚMERO DE LA CLASIFICACIÓN DECIMAL DEWEY
Número de clasificación 343.0929
Número de documento/Ítem C227m
100 10 - ENTRADA PRINCIPAL--NOMBRE DE PERSONA
Nombre de persona Canó Sención, Ángel S.
9 (RLIN) 77831
245 10 - MENCIÓN DE TÍTULO
Título Manual de derecho de la energìa :
Resto del título aspectos esenciales del sector elèctrico dominicano /
Mención de responsabilidad, etc. Ángel S. Canó Sención ; prólogo de Roberto Herrera Pablo
260 ## - PUBLICACIÓN, DISTRIBUCIÓN, ETC.
Lugar de publicación, distribución, etc. Santo Domingo :
Nombre del editor, distribuidor, etc. Pontificia Universidad Católica Madre y Maestra,
Fecha de publicación, distribución, etc. 2020
300 ## - DESCRIPCIÓN FÍSICA
Extensión 368 p. :
Otras características físicas il. ;
Dimensiones 24 cm
500 ## - NOTA GENERAL
Nota general Incluye referencias bibliográficas y notas al pie de las páginas
500 ## - NOTA GENERAL
Nota general Incluye datos biográficos del autor en las solapas
505 ## - NOTA DE CONTENIDO CON FORMATO
Título Capítulo 1. De cara a un esquema de mercado --
-- Capítulo 2 - Marco regulatorio del sector eléctrico --
-- Capítulo 3 - Las áreas de negocios en el sector eléctrico --
-- Capítulo 4 - Las energías renovables --
-- Capítulo 5 - El mercado eléctrico --
-- Capítulo 6 - El organismo coordinador --
-- Capítulo 7 - Facultad sancionadora en el sector eléctrico --
-- Capítulo 8 - Revisión jurisdiccional e las decisiones administrativas en el sector eléctrico --
-- Capítulo 9 - Nuevosretos regulatorios --
-- Capítulo 10 - El pacto nacional para la reforma del sector eléctrico : Oportunidad para relanzar el sector ?
590 ## - NOTA LOCAL (RLIN)
Nota local Inventariado, 2021 / DG
650 #4 - PUNTO DE ACCESO ADICIONAL DE MATERIA--TÉRMINO DE MATERIA
Término de materia o nombre geográfico como elemento de entrada Recursos energéticos
Subdivisión general Legislación
Subdivisión geográfica República Dominicana
9 (RLIN) 77832
650 #4 - PUNTO DE ACCESO ADICIONAL DE MATERIA--TÉRMINO DE MATERIA
Término de materia o nombre geográfico como elemento de entrada Sector eléctrico
Subdivisión general Legislación
Subdivisión geográfica República Dominicana
9 (RLIN) 77833
650 #4 - PUNTO DE ACCESO ADICIONAL DE MATERIA--TÉRMINO DE MATERIA
Término de materia o nombre geográfico como elemento de entrada Política energética
Subdivisión geográfica República Dominicana
9 (RLIN) 77834
700 1# - PUNTO DE ACCESO ADICIONAL--NOMBRE DE PERSONA
Nombre de persona Herrera Pablo, Roberto
Término indicativo de función/relación pról.
9 (RLIN) 77835
910 ## - DATOS DE OPCIÓN DEL USUARIO (OCLC)
Datos de opción del usuario Inventariado, 2021 / DG /Validado. Control de calidad MFF
942 ## - ELEMENTOS DE PUNTO DE ACCESO ADICIONAL (KOHA)
Fuente del sistema de clasificación o colocación Dewey Decimal Classification
Tipo de ítem Koha Libro
Existencias
Estado de retiro Estado de pérdida Fuente del sistema de clasificación o colocación No para préstamo Código de colección Localización permanente Ubicación/localización actual Ubicación en estantería Fecha de adquisición Fuente de adquisición Total de préstamos Signatura topográfica completa Código de barras Fecha visto por última vez Precio válido a partir de Tipo de ítem Koha Número de copia
    Dewey Decimal Classification   Monografías: Libros y Folletos Biblioteca Nacional Pedro Henríquez Ureña Biblioteca Nacional Pedro Henríquez Ureña En catalogación 15.10.2020 Deposito Legal   BNPHU PD 343.0929 R426m 2021-0275 18.02.2021 18.02.2021 Libro  
    Dewey Decimal Classification Préstamo restrigido Monografías: Libros y Folletos Biblioteca Nacional Pedro Henríquez Ureña Biblioteca Nacional Pedro Henríquez Ureña En catalogación 15.10.2020 Deposito Legal   BNPHU PD 343.0929 R426m 2021-0276 18.02.2021 18.02.2021 Libro e. 2
    Dewey Decimal Classification   Monografías: Libros y Folletos Biblioteca Nacional Pedro Henríquez Ureña Biblioteca Nacional Pedro Henríquez Ureña En catalogación 15.10.2020 Deposito Legal   BNPHU DS 343.0929 R426m 2021-0277 18.02.2021 18.02.2021 Libro e.3

Con tecnología Koha